[Event "Championnat de France des Jeunes - Junio"]
[Site "LA ROCHE SUR YON"]
[Date "2008.04.24"]
[Round "5.4"]
[White "Forgues, Fabien"]
[Black "Brethes, Francois"]
[Result "1-0"]
[WhiteElo "2162"]
[BlackElo "2198"]
[PlyCount "116"]

1. e4 e6 2. d4 d5 3. Nc3 Nf6 4. Bg5 dxe4 5. Nxe4 Be7 6. Bxf6 Bxf6 7. Nf3 Nd7 8.
Qd2 O-O 9. O-O-O b6 10. Bd3 Bb7 11. h4 Be7 12. Neg5 Nf6 13. c3 Bd6 14. Ne5 Qe7
15. Qc2 h6 16. Rde1 Bxe5 17. dxe5 Nd5 18. Ba6 hxg5 19. Bxb7 Rad8 20. Kb1 f5 21.
exf6 Qxf6 22. hxg5 Qf5 23. Qxf5 Rxf5 24. Rxe6 Rxg5 25. g3 Nf6 26. Kc2 Rf5 27.
Re2 c5 28. Rd1 Rxd1 29. Kxd1 Kf7 30. Kc2 Ne8 31. f4 Rh5 32. g4 Rh4 33. Bd5+ Kf8
34. Rg2 Nf6 35. Bf3 Rh3 36. Bb7 Rh4 37. g5 Ne8 38. Rf2 Nd6 39. Bd5 Ke7 40. f5
Ne8 41. Bc6 Nd6 42. f6+ gxf6 43. Rxf6 Nc4 44. Rf2 Rg4 45. b3 Ne5 46. Rg2 Rxg2+
47. Bxg2 Nf7 48. g6 Ne5 49. Be4 Kf6 50. b4 cxb4 51. cxb4 Nxg6 52. Bxg6 Kxg6 53.
Kd3 Kf6 54. Kc4 Ke5 55. Kb5 Kd5 56. Ka6 Kc4 57. a3 Kb3 58. Kxa7 Ka4 1-0

[Event "Championnat de France des Jeunes - Junio"]
[Site "LA ROCHE SUR YON"]
[Date "2008.04.24"]
[Round "5.1"]
[White "Huisman, Camille"]
[Black "Dolz, Elisabeth"]
[Result "0-1"]
[WhiteElo "1613"]
[BlackElo "1710"]
[PlyCount "47"]

1. e4 e5 2. Nf3 Nc6 3. d4 exd4 4. Bc4 Nf6 5. e5 Ng4 6. Bxf7+ Kxf7 7. Ng5+ Ke8
8. Qxg4 Nxe5 9. Qf4 Bd6 10. O-O Qf6 11. Re1 Kf8 12. Qe4 Qg6 13. Qf4+ Qf6 14.
Qxf6+ gxf6 15. Ne4 Be7 16. Bf4 d6 17. Na3 a6 18. Rad1 Rg8 19. Ng3 c5 20. Bh6+
Kf7 21. f4 Ng4 22. Nf5 Bxf5 23. Bg5 Ne3 24. Bh4 0-1

[Event "Championnat de France des Jeunes - Junio"]
[Site "LA ROCHE SUR YON"]
[Date "2008.04.24"]
[Round "5.2"]
[White "Swiercz, Sarah"]
[Black "Magnin, Segolene"]
[Result "0-1"]
[WhiteElo "1420"]
[BlackElo "1799"]
[PlyCount "60"]
[EventDate "2008.??.??"]

1. e4 e6 2. Nf3 d5 3. e5 c5 4. b4 cxb4 5. a3 Nc6 6. axb4 Bxb4 7. c3 Be7 8. d4
Bd7 9. Bd3 a6 10. h4 b5 11. Ng5 Qb6 12. Bxh7 Bxg5 13. hxg5 O-O-O 14. Bb2 Nge7
15. Kd2 g6 16. Qf3 Kb7 17. Qxf7 Rhf8 18. Qg7 Rxf2+ 19. Kc1 Rxg2 20. Qf6 b4 21.
Bxg6 Nxd4 22. Qxe7 Nc6 23. Qh7 Qe3+ 24. Kd1 Qe2+ 25. Kc1 Qxb2+ 26. Kd1 Qxa1 27.
cxb4 Qd4+ 28. Kc1 Nxb4 29. Qh3 Rc2+ 30. Bxc2 Na2# 0-1

[Event "Championnat de France des Jeunes - Junio"]
[Site "LA ROCHE SUR YON"]
[Date "2008.04.24"]
[Round "5.3"]
[White "Vidal, Marguerite"]
[Black "Belloc, Sidonie"]
[Result "0-1"]
[WhiteElo "1380"]
[BlackElo "1789"]
[PlyCount "65"]

1. e4 e6 2. d4 d5 3. e5 c5 4. Nf3 Nc6 5. c3 Qb6 6. b3 cxd4 7. Nxd4 Nxe5 8. Be2
Nf6 9. O-O a6 10. Bf4 Bd6 11. Be3 Qc7 12. Qc2 O-O 13. Nd2 Ng6 14. N2f3 e5 15.
Nf5 Bxf5 16. Qxf5 e4 17. Nd4 Bxh2+ 18. Kh1 Bd6 19. Bg5 Ne7 20. Qh3 Qd7 21. Qxd7
Nxd7 22. f4 h6 23. Bxe7 Bxe7 24. c4 dxc4 25. Bxc4 Nb6 26. Nf5 Bb4 27. Ne3 Rad8
28. Rf2 Rd2 29. Rxd2 Bxd2 30. Nf5 Bxf4 31. Re1 Re8 32. Bd3 g6 33. Ne3 0-1

[Event "Championnat de France des Jeunes - Junio"]
[Site "LA ROCHE SUR YON"]
[Date "2008.04.24"]
[Round "5.4"]
[White "Cwiek, Perrine"]
[Black "Bismuth, Lea"]
[Result "0-1"]
[WhiteElo "1730"]
[BlackElo "1930"]
[PlyCount "57"]

1. e4 c5 2. Nf3 e6 3. d4 cxd4 4. Nxd4 Nf6 5. Bd3 Nc6 6. Nxc6 bxc6 7. c4 Be7 8.
O-O Qc7 9. Nc3 O-O 10. Be3 Rb8 11. Rb1 a5 12. f4 d5 13. e5 Nd7 14. Qh5 g6 15.
Qh6 Bc5 16. Rf3 Bxe3+ 17. Rxe3 Qa7 18. Kf2 Nc5 19. Ke2 Nxd3 20. Rxd3 Ba6 21.
Kd2 Bxc4 22. Rh3 f5 23. b3 Ba6 24. Ne2 Rf7 25. Qh4 a4 26. Rc3 axb3 27. Rcxb3
Rxb3 28. Rxb3 Bxe2 29. Kxe2 0-1

[Event "Championnat de France des Jeunes - Junio"]
[Site "LA ROCHE SUR YON"]
[Date "2008.04.23"]
[Round "5.5"]
[White "Choisy, Mathilde"]
[Black "Mehiaoui, Dounia"]
[Result "1-0"]
[WhiteElo "2094"]
[BlackElo "1855"]
[PlyCount "115"]

1. a3 d5 2. Nf3 Nf6 3. c4 c6 4. e3 Bg4 5. Nc3 Nbd7 6. Be2 dxc4 7. Bxc4 Bxf3 8.
Qxf3 Ne5 9. Qe2 Nxc4 10. Qxc4 e5 11. O-O Bd6 12. b4 O-O 13. Bb2 Re8 14. Ne4
Nxe4 15. Qxe4 Qe7 16. d4 a5 17. b5 cxb5 18. dxe5 Bxe5 19. Bxe5 Qxe5 20. Qxe5
Rxe5 21. Rfc1 Kf8 22. Rc7 b6 23. Rb7 Rc8 24. Rxb6 Rec5 25. Kf1 Rc1+ 26. Rxc1
Rxc1+ 27. Ke2 Rb1 28. a4 b4 29. Rb5 b3 30. Rxa5 b2 31. Rb5 Ra1 32. Rxb2 Rxa4
33. Rb7 h5 34. f4 Ra5 35. Kf3 g6 36. h3 Kg7 37. g4 hxg4+ 38. hxg4 Kf6 39. Rb4
Rc5 40. Rb3 Ra5 41. e4 Ke7 42. e5 Ra4 43. f5 gxf5 44. gxf5 Rc4 45. Rb7+ Ke8 46.
f6 Ra4 47. Ke3 Rc4 48. Re7+ Kf8 49. Rd7 Ke8 50. Rd4 Rc6 51. Ke4 Rc5 52. Rb4 Ra5
53. Kf5 Rc5 54. Rb8+ Kd7 55. Rf8 Rc1 56. Rxf7+ Ke8 57. Ra7 Rf1+ 58. Ke4 1-0

[Event "Championnat de France des Jeunes - Cadet"]
[Site "LA ROCHE SUR YON"]
[Date "2008.04.23"]
[Round "5.1"]
[White "Guilleux, Fabien"]
[Black "Delorme, Axel"]
[Result "1-0"]
[WhiteElo "2391"]
[BlackElo "2377"]
[PlyCount "0"]
[EventDate "2008.??.??"]

1. Nf3 d5 2. d4 Nf6 3. c4 c6 4. Nc3 a6 5. c5 Bf5 6. Bf4 Nbd7 7. e3 g6
8. Be2 Bg7 9. h3 Be4 10. O-O Bxf3 11. Bxf3 O-O 12. Bh2 Re8 13. b4 e5
14. Re1 h5 15. Qd2 exd4 16. exd4 Rxe1+ 17. Rxe1 Nf8 18. a4 Ne6 19. Be5
Ne8 20. g3 f6 21. Bf4 Nxf4 22. Qxf4 f5 23. g4 fxg4 24. hxg4 Qf6 25.
Nxd5 cxd5 26. Bxd5+ Kf8 27. Qxf6+ Bxf6 28. Bxb7 Rb8 29. c6 Bxd4 30.
gxh5 gxh5 31. Rxe8+ Rxe8 32. c7 Bc3 33. Bxa6 Bxb4 34. c8Q Rxc8 35.
Bxc8 Kf7 36. Kg2 Kf6 37. f4 Ba5 38. Kf3 Bb4 39. Ke4 Ba5 40. Bh3 Bc7
41. f5 Ba5 42. Kd5 Be1 43. Kc5 Kg5 44. Kb5 Bc3 45. a5 Kh4 46. a6
1-0

[Event "Championnat de France des Jeunes - Cadet"]
[Site "LA ROCHE SUR YON"]
[Date "2008.04.23"]
[Round "5.2"]
[White "Li, Frederic"]
[Black "Stephan, Victor"]
[Result "0-1"]
[WhiteElo "2176"]
[BlackElo "2094"]
[PlyCount "86"]

1. Nf3 Nf6 2. c4 g6 3. Nc3 Bg7 4. e4 d6 5. d4 O-O 6. Be2 e5 7. Be3 Ng4 8. Bg5
f6 9. Bh4 g5 10. Bg3 Nh6 11. d5 f5 12. exf5 Nxf5 13. Ne4 h6 14. Nfd2 a5 15. O-O
Nd7 16. Bg4 Nf6 17. Nxf6+ Qxf6 18. Ne4 Qe7 19. b3 b6 20. a3 Nd4 21. Bxc8 Rfxc8
22. b4 Ra7 23. f3 axb4 24. axb4 Rca8 25. Rxa7 Rxa7 26. Bf2 Qf7 27. Nc3 Qf5 28.
Qd2 Ra3 29. Bxd4 exd4 30. Nb5 Qd3 31. Qf2 Rb3 32. f4 gxf4 33. Re1 Rb1 34. Nxc7
Rxe1+ 35. Qxe1 Qe3+ 36. Kf1 d3 37. Ne6 Bc3 38. Qd1 d2 39. Qe2 Qe5 40. Nd8 Qf5
41. Qe8+ Kh7 42. Qe7+ Bg7 43. Ke2 Qc2 0-1

[Event "Championnat de France des Jeunes - Cadet"]
[Site "LA ROCHE SUR YON"]
[Date "2008.04.23"]
[Round "5.3"]
[White "Tachikart, Yassin"]
[Black "Blum, Nicolas"]
[Result "1/2-1/2"]
[WhiteElo "2111"]
[BlackElo "2180"]
[PlyCount "85"]

1. d4 Nf6 2. c4 e6 3. Nc3 Bb4 4. Qc2 c5 5. dxc5 O-O 6. a3 Bxc5 7. Nf3 b6 8. Bg5
Bb7 9. e4 h6 10. Bh4 Be7 11. Be2 Nh5 12. Bxe7 Qxe7 13. Qd2 Nf6 14. e5 Ne4 15.
Nxe4 Bxe4 16. Qf4 Bb7 17. O-O Nc6 18. Rad1 Rac8 19. Rd2 Na5 20. Rfd1 Rfd8 21.
Rd4 Nb3 22. Rd6 Rc6 23. Nd2 Nxd2 24. R6xd2 Rc7 25. Bh5 g6 26. Be2 Qg5 27. Qxg5
hxg5 28. b4 Kg7 29. g3 Ba6 30. Rd4 f5 31. exf6+ Kxf6 32. Bf1 Ke5 33. f3 Bb7 34.
Bg2 Ba6 35. b5 Bb7 36. Kf2 Kf6 37. f4 Bxg2 38. fxg5+ Kxg5 39. Kxg2 Kf6 40. Kf3
d5 41. a4 Rc5 42. cxd5 exd5 43. Kf4 1/2-1/2

[Event "Championnat de France des Jeunes - Cadet"]
[Site "LA ROCHE SUR YON"]
[Date "2008.04.23"]
[Round "5.4"]
[White "Fougerit, Valentin"]
[Black "Jouneau, Quentin"]
[Result "1/2-1/2"]
[WhiteElo "2208"]
[BlackElo "1977"]
[PlyCount "53"]

1. Nf3 Nf6 2. c4 c6 3. b3 d5 4. Bb2 Bf5 5. g3 e6 6. Bg2 Nbd7 7. O-O Qb6 8. Qc1
Be7 9. d3 O-O 10. Nbd2 Rac8 11. Qc2 Bd6 12. Rac1 e5 13. Qb1 h6 14. Nh4 Bh7 15.
Bh3 Rcd8 16. Nf5 Bb4 17. Rcd1 Rfe8 18. Qa1 Bf8 19. cxd5 cxd5 20. Rc1 Qa5 21.
Bc3 Qa6 22. Nf3 d4 23. Bb2 g6 24. N5h4 g5 25. Bxd7 Rxd7 26. Ng2 Nd5 27. a3
1/2-1/2

[Event "Championnat de France des Jeunes - Cadet"]
[Site "LA ROCHE SUR YON"]
[Date "2008.04.23"]
[Round "5.5"]
[White "Nockels, Nicolas"]
[Black "Valles, Manuel"]
[Result "1/2-1/2"]
[WhiteElo "1968"]
[BlackElo "2117"]
[PlyCount "68"]

1. e4 e5 2. Nf3 Nc6 3. Bc4 Nf6 4. d3 d5 5. exd5 Nxd5 6. Qe2 Be6 7. Bxd5 Qxd5 8.
Nc3 Bb4 9. Bd2 Bxc3 10. Bxc3 Bg4 11. Qe4 Bxf3 12. gxf3 O-O-O 13. Rg1 g6 14.
Qxd5 Rxd5 15. O-O-O Re8 16. Rde1 Kd7 17. Rg5 f6 18. Rg3 Nd4 19. Bxd4 exd4 20.
Rxe8 Kxe8 21. Rh3 h5 22. Rh4 c5 23. Re4+ Re5 24. Kd2 Kd7 25. Rf4 Ke6 26. Rh4
Kd5 27. f4 Rf5 28. Ke2 b5 29. Ke1 c4 30. Ke2 a5 31. Kd2 a4 32. Kd1 Kc5 33. Kd2
Kb4 34. a3+ Kc5 {suite illisible} 1/2-1/2

[Event "Championnat de France des Jeunes - Cadet"]
[Site "LA ROCHE SUR YON"]
[Date "2008.04.23"]
[Round "5.1"]
[White "Brih, Touatia"]
[Black "Forestier, Carole"]
[Result "0-1"]
[WhiteElo "1956"]
[BlackElo "2037"]
[PlyCount "100"]

1. e4 e6 2. d4 d5 3. Nc3 Nf6 4. e5 Nfd7 5. Nce2 c5 6. f4 Nc6 7. Nf3 Qb6 8. c3
cxd4 9. cxd4 Bb4+ 10. Nc3 f6 11. a3 Be7 12. Bd3 O-O 13. Na4 Qc7 14. O-O a6 15.
Qe1 b5 16. Nc3 Nb6 17. Qh4 f5 18. Qh3 Nc4 19. Kh1 N6a5 20. g4 Qd8 21. gxf5 exf5
22. Rg1 Rf7 23. Ng5 Bxg5 24. Rxg5 Nb3 25. Rb1 Nxd4 26. b3 Bb7 27. bxc4 dxc4+
28. Be4 fxe4 29. Be3 Nf3 30. Rd1 Qf8 31. Rh5 g6 32. Rh6 Rd8 33. e6 Rxd1+ 34.
Nxd1 Rg7 35. Nf2 Qf5 36. Qg3 Qxe6 37. Ng4 Qd6 38. Kg2 c3 39. Qf2 Qe6 40. h3 a5
41. Bd4 Rf7 42. Bxc3 Rxf4 43. Qa7 Qc8 44. Qe3 Qf8 45. Bxa5 Rf7 46. Bb4 Qd8 47.
Nf2 Qg5+ 48. Qxg5 Nxg5 49. Kf1 e3 50. Ke1 Bc8 0-1

[Event "Championnat de France des Jeunes - Cadet"]
[Site "LA ROCHE SUR YON"]
[Date "2008.04.23"]
[Round "5.2"]
[White "Richard, Emma"]
[Black "Armas, Lara-Maria"]
[Result "1-0"]
[WhiteElo "1985"]
[BlackElo "1891"]
[PlyCount "81"]

1. e4 c5 2. Nf3 d6 3. Bb5+ Bd7 4. Bxd7+ Qxd7 5. O-O Nf6 6. Re1 e6 7. c3 Be7 8.
d4 O-O 9. Nbd2 cxd4 10. cxd4 Nc6 11. Nf1 d5 12. e5 Ne4 13. Ng3 Nxg3 14. hxg3
Rac8 15. g4 Rc7 16. Re3 Rfc8 17. Bd2 Bb4 18. Be1 Bxe1 19. Nxe1 Nb4 20. Rh3 Nc2
21. Nxc2 Rxc2 22. Qd3 g6 23. Qe3 Rxb2 24. Qh6 f6 25. exf6 Rbc2 26. Re1 Qc7 27.
Rf3 Rf8 28. Qe3 Rc6 29. g5 a6 30. Qe2 Qd7 31. Re3 Re8 32. Re5 Kf7 33. Qg4 Kg8
34. f4 Qf7 35. Qe2 Qd7 36. g4 Kf7 37. Qh2 Kg8 38. f5 Rb6 39. Qh6 gxf5 40. gxf5
Qf7 41. fxe6 1-0

[Event "Championnat de France des Jeunes - Cadet"]
[Site "LA ROCHE SUR YON"]
[Date "2008.04.23"]
[Round "5.3"]
[White "Cheype, Marie"]
[Black "Genzling, Sylvie"]
[Result "0-1"]
[WhiteElo "1809"]
[BlackElo "1955"]
[PlyCount "74"]

1. d4 d5 2. c4 e6 3. Nc3 c5 4. cxd5 exd5 5. Nf3 Nc6 6. g3 c4 7. Bg2 Bb4 8. O-O
Nge7 9. e4 O-O 10. Nxd5 Nxd5 11. exd5 Qxd5 12. a3 Ba5 13. Ne5 Qb5 14. a4 Qa6
15. Be3 Bc7 16. f4 Ne7 17. Qc2 Bxe5 18. dxe5 Bf5 19. Qc3 Rfd8 20. Qa3 Nd5 21.
Bf2 Rd7 22. Rfd1 Rad8 23. Rac1 h6 24. Bf1 Nb6 25. Rxd7 Rxd7 26. a5 Nd5 27. Rxc4
Qe6 28. Rc8+ Kh7 29. Bxa7 b6 30. axb6 Nxb6 31. Rb8 Nc4 32. Qc5 Nd2 33. Be2 Qa2
34. Bb6 Qb1+ 35. Kg2 Qe4+ 36. Kf2 Qh1 37. Rd8 Ne4+ 0-1

[Event "Championnat de France des Jeunes - Cadet"]
[Site "LA ROCHE SUR YON"]
[Date "2008.04.23"]
[Round "5.4"]
[White "Le Bail, Clara"]
[Black "Burel, Gwenaelle"]
[Result "1-0"]
[WhiteElo "2012"]
[BlackElo "1663"]
[PlyCount "83"]

1. e4 c5 2. c3 d6 3. d4 cxd4 4. cxd4 Nf6 5. Nc3 a6 6. a4 e6 7. Nf3 Be7 8. Bd3
O-O 9. O-O Nbd7 10. e5 Ne8 11. Qe2 dxe5 12. dxe5 Nc5 13. Bb1 g6 14. Bh6 Ng7 15.
Bc2 b6 16. Rfd1 Qc7 17. Ne4 Nxe4 18. Bxe4 Bb7 19. Rac1 Qb8 20. Rd7 Bxe4 21.
Rxe7 Bxf3 22. Qxf3 Qxe5 23. Rxf7 Rac8 24. Rxf8+ Rxf8 25. Qc3 Qxc3 26. Rxc3 Rd8
27. Kf1 Nf5 28. Bg5 Rd7 29. Ke2 Kf7 30. g4 Nd4+ 31. Ke3 e5 32. Ke4 Ke6 33. Be3
b5 34. axb5 Nxb5 35. Rc6+ Rd6 36. Rc5 Rd1 37. Rxe5+ Kf6 38. Rc5 Rh1 39. Rc6+
Kg7 40. Rxa6 Rxh2 41. Rb6 Rh4 42. f3 1-0

[Event "Championnat de France des Jeunes - Cadet"]
[Site "LA ROCHE SUR YON"]
[Date "2008.04.23"]
[Round "5.5"]
[White "Perrusset, Barbara"]
[Black "Peyre, Camille"]
[Result "0-1"]
[WhiteElo "1876"]
[BlackElo "1831"]
[PlyCount "90"]

1. d4 Nf6 2. c4 e6 3. g3 d5 4. Bg2 b6 5. Nf3 Bb7 6. O-O Bd6 7. cxd5 exd5 8. Nc3
O-O 9. Nb5 Be7 10. Bf4 Na6 11. Rc1 c6 12. Nc3 Nc7 13. a3 Ne6 14. Be3 c5 15.
dxc5 bxc5 16. Na2 a5 17. Ne5 Bd6 18. Nf3 d4 19. Bd2 Bd5 20. Ra1 Qb6 21. Bc1
Rac8 22. Ne1 c4 23. Nc2 Rfd8 24. Re1 Bxg2 25. Kxg2 Qc6+ 26. Kg1 Qd5 27. Bd2 h6
28. Bc1 Bc5 29. Rf1 Qh5 30. h4 Qg4 31. e3 Qh3 32. Qf3 Ng4 33. Qg2 Qxg2+ 34.
Kxg2 d3 35. Nd4 Nxd4 36. exd4 Bxd4 37. Nc3 Bxc3 38. bxc3 d2 39. Bb2 Rb8 40.
Rab1 Rxb2 41. Rxb2 d1=Q 42. Rxd1 Rxd1 43. Rb8+ Kh7 44. Rc8 Rd2 45. Rxc4 Ne3+
0-1

[Event "Championnat de France des Jeunes - Minim"]
[Site "LA ROCHE SUR YON"]
[Date "2008.04.23"]
[Round "5.1"]
[White "Sochacki, Wojtek"]
[Black "Massoni, Michael"]
[Result "1-0"]
[WhiteElo "2245"]
[BlackElo "2176"]
[PlyCount "67"]

1. e4 c5 2. Nf3 e6 3. d4 cxd4 4. Nxd4 a6 5. Nc3 Qc7 6. Bd3 Nc6 7. Nxc6 dxc6 8.
O-O e5 9. f4 Nf6 10. f5 Bc5+ 11. Kh1 h5 12. a4 b6 13. Qe2 Ng4 14. Bg5 Bb7 15.
Nd1 b5 16. h3 Bb6 17. Bh4 Nf6 18. Ne3 Rd8 19. Rfd1 Rd6 20. Nf1 g6 21. fxg6 fxg6
22. Nd2 Qg7 23. Nf3 Nd7 24. c4 b4 25. c5 Nxc5 26. Bc4 Bc7 27. Qe3 Qd7 28. Rf1
Nd3 29. Ng5 Nf4 30. g3 Rf8 31. gxf4 exf4 32. Qc5 Rd2 33. Ne6 Bd6 34. Qg5 1-0

[Event "Championnat de France des Jeunes - Minim"]
[Site "LA ROCHE SUR YON"]
[Date "2008.04.24"]
[Round "5.2"]
[White "Buscara, Sevan"]
[Black "Song, Julien"]
[Result "1-0"]
[WhiteElo "2146"]
[BlackElo "2214"]
[PlyCount "91"]

1. d4 e6 2. Nf3 Nf6 3. Bf4 c5 4. c3 cxd4 5. cxd4 Qb6 6. Qc2 Nc6 7. e3 Bb4+ 8.
Nbd2 Nh5 9. Bg3 d5 10. a3 Be7 11. Bd3 Nxg3 12. hxg3 Bd7 13. b4 Rc8 14. Qb1 h6
15. g4 a6 16. O-O O-O 17. g3 e5 18. dxe5 Bxg4 19. Bf5 Bxf5 20. Qxf5 d4 21. e6
dxe3 22. exf7+ Kh8 23. Nc4 Qb5 24. Nce5 Nxe5 25. Nxe5 Rc6 26. Ng6+ Rxg6 27.
Qxg6 Bf6 28. Ra2 Qd5 29. Re2 exf2+ 30. Kh2 Qxf7 31. Qxf7 Rxf7 32. Rfxf2 Rc7 33.
Rc2 Re7 34. Rfe2 Rd7 35. Red2 Re7 36. Rd3 Kh7 37. Rcd2 Re5 38. Rd7 Rb5 39. R2d5
Rxd5 40. Rxd5 Bb2 41. Rd7 b5 42. Rd3 h5 43. Kg2 g6 44. Kf3 Kh6 45. Rb3 Be5 46.
Ke4 1-0

[Event "Championnat de France des Jeunes - Minim"]
[Site "LA ROCHE SUR YON"]
[Date "2008.04.24"]
[Round "5.3"]
[White "Dubessay, Bastien"]
[Black "Ollier, Pablo"]
[Result "1/2-1/2"]
[WhiteElo "2097"]
[BlackElo "2147"]
[PlyCount "76"]

1. d4 Nf6 2. c4 e6 3. Nf3 b6 4. a3 c5 5. d5 Ba6 6. Qc2 exd5 7. cxd5 g6 8. Nbd2
Bg7 9. e4 Bxf1 10. Kxf1 d6 11. g3 O-O 12. Kg2 Nbd7 13. a4 Qe7 14. Re1 Ng4 15.
Nc4 Nge5 16. Bg5 Bf6 17. Bxf6 Qxf6 18. Nfxe5 Nxe5 19. Qc3 Kg7 20. Nxe5 Qxe5 21.
Qxe5+ dxe5 22. b3 Rfe8 23. g4 Kf6 24. h4 Ke7 25. Re3 f6 26. Rf1 Kd6 27. f4 f5
28. fxe5+ Rxe5 29. gxf5 gxf5 30. Rxf5 Rxf5 31. exf5 Rf8 32. Re6+ Kxd5 33. Re7
h5 34. Rxa7 Rxf5 35. Ra6 Kc6 36. a5 Kb5 37. Rxb6+ Kxa5 38. Rg6 Kb4 1/2-1/2

[Event "Championnat de France des Jeunes - Minim"]
[Site "LA ROCHE SUR YON"]
[Date "2008.04.24"]
[Round "5.4"]
[White "Samoun, Florent"]
[Black "Ludwig, Remi"]
[Result "1-0"]
[WhiteElo "1987"]
[BlackElo "2136"]
[PlyCount "133"]

1. e4 c5 2. Nc3 a6 3. g3 b5 4. Bg2 Bb7 5. d3 e6 6. f4 d5 7. e5 Qb6 8. Nf3 g6 9.
O-O Nc6 10. Ne2 h5 11. Be3 Nh6 12. d4 Ng4 13. Bf2 cxd4 14. Nexd4 Bc5 15. c3 h4
16. gxh4 Nxf2 17. Rxf2 Be7 18. Qd2 Bxh4 19. Nxh4 Rxh4 20. Nxc6 Qxc6 21. Rd1 Qc7
22. Qe3 O-O-O 23. Rd4 Rdh8 24. h3 R8h5 25. Kh2 Kb8 26. b3 Rh8 27. Rfd2 Qb6 28.
c4 bxc4 29. bxc4 Ka7 30. cxd5 exd5 31. Qa3 Qe6 32. R2d3 g5 33. Qc5+ Qb6 34.
Qxb6+ Kxb6 35. fxg5 R4h5 36. Bxd5 Bxd5 37. Rxd5 Rxg5 38. Rf3 Rc8 39. Rf6+ Rc6
40. Rxc6+ Kxc6 41. Rd6+ Kb5 42. e6 fxe6 43. Rxe6 Rd5 44. Re2 Rd3 45. h4 a5 46.
Kg2 Kc4 47. h5 Rd5 48. h6 Rh5 49. Re6 Kb4 50. Kg3 Ka3 51. Kg4 Rh2 52. Ra6 a4
53. Kg5 Rxa2 54. h7 Rh2 55. Rh6 Rg2+ 56. Kh5 Rh2+ 57. Kg6 Rg2+ 58. Kf7 Rf2+ 59.
Ke7 Re2+ 60. Kd7 Rd2+ 61. Kc7 Rc2+ 62. Kb7 Ka2 63. h8=Q a3 64. Rh3 Rb2+ 65. Kc6
Rc2+ 66. Kb5 Rb2+ 67. Ka4 1-0

[Event "Championnat de France des Jeunes - Minim"]
[Site "LA ROCHE SUR YON"]
[Date "2008.04.24"]
[Round "5.5"]
[White "Hutois, Mickael"]
[Black "Martin, Cedric"]
[Result "0-1"]
[WhiteElo "2002"]
[BlackElo "2125"]
[PlyCount "46"]

1. e4 g6 2. d4 Bg7 3. c3 d6 4. Bd3 Nd7 5. Ne2 Ngf6 6. O-O O-O 7. f4 e5 8. Nd2
Re8 9. b3 Ng4 10. Rf3 Nh6 11. Qc2 exd4 12. cxd4 Nc5 13. Ba3 Bg4 14. Rc1 Nxd3
15. Qxd3 Bxf3 16. Qxf3 f5 17. d5 Rc8 18. Ng3 Qh4 19. h3 Bd4+ 20. Kh1 fxe4 21.
Ndxe4 Nf5 22. Nxf5 gxf5 23. Ng5 Re1+ 0-1

[Event "Championnat de France des Jeunes - Minim"]
[Site "LA ROCHE SUR YON"]
[Date "2008.04.23"]
[Round "5.1"]
[White "Lefevre, Margaux"]
[Black "Forgues, Valerie"]
[Result "1/2-1/2"]
[WhiteElo "1968"]
[BlackElo "1970"]
[PlyCount "93"]

1. e4 e5 2. Nf3 Nc6 3. d4 exd4 4. Bc4 Nf6 5. e5 d5 6. Bb5 Ne4 7. Nxd4 Bc5 8.
Be3 Bd7 9. Bxc6 bxc6 10. O-O Bb6 11. a4 a6 12. a5 Ba7 13. Re1 O-O 14. f3 Nc5
15. Nd2 Ne6 16. N2b3 Re8 17. f4 Qh4 18. Qf3 Nxd4 19. Bxd4 Bxd4+ 20. Nxd4 Rab8
21. Nb3 Rb5 22. Qe3 Qe7 23. f5 d4 24. Nxd4 Rxe5 25. Qxe5 Qxe5 26. Rxe5 Rxe5 27.
Rd1 Rd5 28. Rd3 Kf8 29. g4 Rxa5 30. h3 h5 31. Nb3 Rd5 32. Rxd5 cxd5 33. Nc5 Bc8
34. Kf2 Ke7 35. Ke3 Kd6 36. Kd4 c6 37. c3 hxg4 38. hxg4 g6 39. fxg6 fxg6 40. g5
Bh3 41. Nxa6 Bf1 42. Nc5 Bb5 43. b3 Bf1 44. Nb7+ Kc7 45. Nc5 Kd6 46. Nb7+ Kc7
47. Nc5 1/2-1/2

[Event "Championnat de France des Jeunes - Minim"]
[Site "LA ROCHE SUR YON"]
[Date "2008.04.24"]
[Round "5.2"]
[White "Hourlier, Claire"]
[Black "Jeannerot, Lea"]
[Result "0-1"]
[WhiteElo "1907"]
[BlackElo "1946"]
[PlyCount "58"]

1. e4 c6 2. d4 d5 3. Nc3 dxe4 4. Nxe4 Nd7 5. Bc4 Ngf6 6. f3 e6 7. Ne2 Be7 8.
O-O O-O 9. N2g3 b6 10. a3 Bb7 11. Kh1 c5 12. dxc5 Nxc5 13. Qe2 Qc7 14. b4 Ncxe4
15. fxe4 Nxe4 16. Nxe4 Qe5 17. Bd3 Qxa1 18. Qh5 g6 19. Qf3 Qg7 20. Nf6+ Bxf6
21. Qxb7 Bb2 22. Bxb2 Qxb2 23. h3 Qxa3 24. Rxf7 Qc1+ 25. Kh2 Rxf7 26. Qxa8+ Kg7
27. Qc6 Qf4+ 28. Kh1 Qxb4 29. Qxe6 Re7 0-1

[Event "Championnat de France des Jeunes - Minim"]
[Site "LA ROCHE SUR YON"]
[Date "2008.04.24"]
[Round "5.3"]
[White "Khan, Mai-Ly"]
[Black "Muller, Marion"]
[Result "0-1"]
[WhiteElo "1700"]
[BlackElo "1815"]
[PlyCount "124"]

1. e4 c6 2. d4 d5 3. Nc3 dxe4 4. Nxe4 Bf5 5. Ng3 Bg6 6. h4 h6 7. Nf3 Nd7 8. h5
Bh7 9. Bd3 Bxd3 10. Qxd3 Qc7 11. Bd2 e6 12. O-O-O Ngf6 13. Ne4 O-O-O 14. Nxf6
Nxf6 15. Qe2 Kb8 16. g3 Bd6 17. Kb1 Ka8 18. c4 Rhe8 19. Bc3 Rb8 20. Ne5 b5 21.
f4 Rec8 22. Rc1 b4 23. Bd2 a5 24. c5 Bxe5 25. fxe5 Nd5 26. Qa6+ Qa7 27. Qxa7+
Kxa7 28. Rhf1 Rc7 29. Rf3 Ka6 30. a3 Rcb7 31. axb4 Nxb4 32. Rb3 Nd5 33. Rxb7
Rxb7 34. Kc2 Ne7 35. Ra1 Rb5 36. Kd3 Nd5 37. Bc3 Nxc3 38. Kxc3 Rb7 39. b3 Kb5
40. g4 f6 41. Re1 Re7 42. Rf1 Rf7 43. Rf3 Rf8 44. Rf2 Rf7 45. g5 hxg5 46. exf6
gxf6 47. h6 f5 48. Re2 Rf6 49. Rh2 Rf8 50. h7 Rh8 51. Rh6 g4 52. Rxe6 Rxh7 53.
d5 Kxc5 54. dxc6 g3 55. Re5+ Kxc6 56. Rxf5 Rg7 57. Rf1 g2 58. Rg1 Kc5 59. Kd3
Kb4 60. Kc2 Rg3 61. Kc1 Kxb3 62. Kb1 Rf3 0-1

[Event "Championnat de France des Jeunes - Minim"]
[Site "LA ROCHE SUR YON"]
[Date "2008.04.24"]
[Round "5.4"]
[White "Kohi, Camilla"]
[Black "Dubois, Emmanuelle"]
[Result "1-0"]
[WhiteElo "1855"]
[BlackElo "1785"]
[PlyCount "83"]

1. d4 d5 2. c4 e6 3. Nc3 Nf6 4. Bg5 Nbd7 5. Nf3 c6 6. e3 Qa5 7. Qc2 Be7 8. h3
dxc4 9. Bxc4 O-O 10. O-O Re8 11. Bf4 Nd5 12. Bh2 N7f6 13. a3 Qd8 14. Bd3 h6 15.
Rae1 Nxc3 16. Qxc3 Nd5 17. Qc2 Bd6 18. Ne5 Bxe5 19. Bxe5 Qe7 20. Bh2 Bd7 21. f4
Rac8 22. Qf2 c5 23. dxc5 Rxc5 24. e4 Nf6 25. g4 Bb5 26. Bxb5 Rxb5 27. Kh1 Rd8
28. e5 Nd5 29. f5 exf5 30. gxf5 Nb6 31. f6 Qe6 32. Rg1 Qd5+ 33. Rg2 g6 34. b4
Qe6 35. Qh4 Qe8 36. Qxh6 Qf8 37. Qe3 Nd5 38. Qf3 Rb6 39. e6 fxe6 40. Rxg6+ Kf7
41. Rg7+ Ke8 42. Qh5+ 1-0

[Event "Championnat de France des Jeunes - Minim"]
[Site "LA ROCHE SUR YON"]
[Date "2008.04.24"]
[Round "5.5"]
[White "Thuret, Marine"]
[Black "Soubirou, Oriane"]
[Result "0-1"]
[WhiteElo "1765"]
[BlackElo "1820"]
[PlyCount "120"]

1. e4 c5 2. Nc3 a6 3. a4 b6 4. Bc4 e6 5. f4 Bb7 6. d3 d6 7. Nf3 Nf6 8. Qe2 Nc6
9. h3 h5 10. O-O Qc7 11. Be3 Na5 12. Ba2 O-O-O 13. Ng5 d5 14. e5 Nh7 15. Nxh7
Rxh7 16. d4 g6 17. Rab1 cxd4 18. Bxd4 Nc6 19. Bf2 Be7 20. h4 Rhh8 21. Rfc1 Kb8
22. Nd1 Nb4 23. Bb3 a5 24. c3 Ba6 25. Qd2 Nd3 26. Ba2 Nxc1 27. Rxc1 Rc8 28. Ne3
Rhd8 29. Rc2 Qd7 30. Bb3 Kb7 31. Qd1 Bc5 32. Rd2 Qc7 33. g3 Rd7 34. Nc2 Rcd8
35. Nd4 Bxd4 36. Bxd4 Bc4 37. Bxc4 Qxc4 38. b3 Qc6 39. Qe2 Qc7 40. Qb5 Rc8 41.
Kh2 Qc6 42. Qe2 Rdc7 43. Kg1 Qd7 44. Qe3 Qe7 45. Ra2 Rc6 46. Qd2 R8c7 47. Qd3
Qd8 48. Rc2 Qa8 49. Qd2 Qa6 50. Ra2 Rc8 51. Qe3 Ka8 52. b4 axb4 53. cxb4 Qa7
54. Rf2 Qxa4 55. Bxb6 Qxb4 56. Bd4 Qc4 57. Rf1 Rb8 58. Qf2 Rb3 59. Rd1 Rd3 60.
Rxd3 Qxd3 0-1